LEDs de potencia, la iluminación eficiente

Na minha lista:
Detalhes bibliográficos
Autor principal: Calvo Brenes, Rodrigo Xavier
Formato: Livro
Idioma:Spanish
Publicado em: [San José, Costa Rica] 2010
Assuntos:
Tags: Adicionar Tag
Sem tags, seja o primeiro a adicionar uma tag!

MARC

LEADER 00000nam a2200000Ia 4500
003 010478
005 20221231144028.0
008 140114s2010 cr a 000 | spa d
040 |c cru CEDI 
090 |a TFG 6361 
100 |a Calvo Brenes, Rodrigo Xavier   |9 1347 
245 |a LEDs de potencia, la iluminación eficiente 
260 |c 2010  |b [San José, Costa Rica] 
500 |a "IE - 0502 Proyecto Eléctrico" Proyecto de graduación (bachillerato en ingeniería eléctrica)--Universidad de Costa Rica. Facultad de Ingeniería. Escuela de Ingeniería Eléctrica 
650 |x RAYOS LASERS   |x ALUMBRADO  |x LAMPARAS ELECTRICAS  |x SEMICONDUCTORES   |9 2601 
942 |c TFG 
999 |c 15844  |d 15844